000 04485nam a2200541Ia 4500
001 6302
008 241029s9999 xx 000 0 und d
010 _a5938
041 _aEspañol
082 _aST MA-ES 0011 FCE 2017
245 0 _aEvaluación del nivel de actualización del pensum, de la carrera de Psicología Clínica, de la Facultad De Humanidades UASD, de acuerdo con el Reglamento de Programas de Grado del MESCyT, en Santo Domingo República Dominicana año 2015
260 _aSanto Domingo
300 _a79
520 _a66
630 _aEducación Superior
630 _aEvaluación Curricular
650 _aEvaluación
690 _aCopiado sin cambios
700 _easesor
_a Viloria Santos, Juan Francisco
700 _eautor
_ade los Santos Rodríguez , Juana
700 _eautor
_aMontero Gutiérrez, Carmen Luisa
901 _a{"1":"de los Santos Rodríguez ","2":"Montero Gutiérrez"}
_b{"1":"Juana ","2":"Carmen Luisa"}
902 _a1
903 _a{"1":" Viloria Santos"}
_b{"1":"Juan Francisco"}
904 _aMaestría en
905 _aEnseñanza Superior
906 _a2
907 _aNO APLICA
908 _aNO APLICA
909 _aUniversidad Autónoma de Santo Domingo (UASD)
910 _aNULL
_bNULL
911 _a["1"]
912 _aNO APLICA
913 _aNULL
914 _a03 de Julio de 2017
915 _a24/10/19 03:10
916 _aNULL
917 _aNULL
918 _aNO APLICA
919 _a["83","99"]
520 _aEl presente trabajo de investigación se titula nivel de actualización del pensum de la carrera de Psicología Clínica de la Universidad Autónoma de Santo Domingo, UASD, año 2015. Su objeto primordial fue evaluar el nivel de actualización del pensum de la Licenciatura en Psicología Clínica de la UASD de acuerdo con el Reglamento de Programas de Grado del MESCYT, para determinar si el mismo va acorde con los nuevos tiempos y si permite que el estudiante adquiera el perfil profesional que se requiere para afrontar las demandas laborales de la psicología en la actualidad.Se trata de una investigación descriptiva, que busca observar la problemática, sin intervenir en su dinámica. Para su desarrollo se determinó una muestra estadística, utilizando la fórmula de Fisher y Navarro, la cual arrojó que debían seleccionarse 186 docentes y 291 estudiantes. Y se diseñaron dos instrumentos de recolección de datos,  para docentes  de cuya aplicación se obtuvieron los resultados que dieron origen a las siguientes conclusiones que responden los objetivos planteados: En esta investigación se determinó que el pensum de la carrera de Psicología Clínica en la UASD, si bien cumple con la mayoría de los requerimientos exigidos por el MESCYT, el mismo requiere de revisiones y modificaciones, las cuales se proponen en esta tesis, para adecuarlo a los nuevos tiempos. Esto así, porque el mismo carece de actualizaciones que lo pongan a la altura de las exigencias actuales, a la luz de los resultados obtenidos durante este trabajo y en comparación con el reglamento para programas de grado del MESCYT, con la Ley 139-01 sobre Educación Superior y con el pensum de la misma carrera, en otras universidades dominicanas.Y las recomendaciones que se ofrecen son que se lleve a cabo la revisión periódica del pensum de la carrera de psicología clínica de la UASD y que las modificaciones hechas encada revisión sean de conocimiento público, especialmente de los estudiantes; que se supervise y se ejecute la evaluación tanto docente como estudiantil, por ser esta parte vital para garantizar los perfiles profesionales objetivos de la carrera. Así como también, que se procure la integración de los tres tipos de evaluación con las que se cuenta para hacer esta más objetiva y equitativa para todos los estudiantes; extrapolar esta iniciativa a todas las demás carreras dentro de la UASD que ameriten revisar o reformar sus planes de estudio; y en cuanto a tecnología, que la UASD diseñe o adecúe su plataforma digital para que los estudiantes y el público en general tengan acceso a informaciones de dominio público como los planes de: estudio, pensum, programas de asignaturas, perfiles estudiantiles y docentes, etc. Ya que actualmente es imposible encontrar estos datos en las páginas virtuales de la universidad. 
921 _a63
922 _a63
923 _a1
924 _aNO APLICA
942 _cTesis
999 _c5938
_d5938